000
00314nam a22001337a 4500
008
170715b xxu||||| |||| 00| 0 eng d
020
_a
9780935782004
041
_a
eng
080
_a
2
100
_a
24
101
_a
ANT
245
_a
WHAT EVERYONE SHOULD KNOW ABOUT ISLAM AND MUSLIMS
_c
HANEF,S
942
_2
udc
_c
BK
999
_c
21195
_d
21195